00322nam a2200121Ia 4500008004100000082001500041100002200056245002900078260002700107300000800134630002900142730002900171100122s9999 xx 000 0 und d b70735a821 aFITZGERALD EDWARD aRUBAIYAT OF OMAR KHAYYAM bST MARTINS PRESSc1983 a110 aRUBAIYAT OF OMAR KHAYYAM aRUBAIYAT OF OMAR KHAYYAM